Chemical engineering data book (Record no. 36437)

000 -LEADER
fixed length control field 00504nam a22001931 4500
001 - CONTROL NUMBER
control field 36437
003 - CONTROL NUMBER IDENTIFIER
control field BD-DhUET
008 - FIXED-LENGTH DATA ELEMENTS--GENERAL INFORMATION
fixed length control field 871013s1958 enka 000 0 eng u
040 ## - CATALOGING SOURCE
Original cataloging agency DLC
Transcribing agency DLC
Modifying agency BD-DhUET
082 ## - DEWEY DECIMAL CLASSIFICATION NUMBER
Classification number 660.28
Item number ROS/1962
100 ## - MAIN ENTRY--PERSONAL NAME
Personal name Ross, T. K.
245 00 - TITLE STATEMENT
Title Chemical engineering data book
250 ## - EDITION STATEMENT
Edition statement 1st ed.
260 ## - PUBLICATION, DISTRIBUTION, ETC. (IMPRINT)
Place of publication, distribution, etc. London
Name of publisher, distributor, etc. Leonard Hill
Date of publication, distribution, etc. 1962
300 ## - PHYSICAL DESCRIPTION
Extent x,998p.
Other physical details ill.
Dimensions 22 cm.
650 #0 - SUBJECT ADDED ENTRY--TOPICAL TERM
Topical term or geographic name as entry element Chemical engineering-Data processing
700 1# - ADDED ENTRY--PERSONAL NAME
Personal name Freshwater, D. C.
942 ## - ADDED ENTRY ELEMENTS (KOHA)
Koha item type General Book
Holdings
Withdrawn status Koha date last seen Damaged status Copy number Sublocation or collection (holding branch) Location (home branch) Price effective from Date acquired Koha item type Piece designation (barcode) Not for loan Koha normalized classification for sorting Source of classification or shelving scheme Koha full call number Lost status Shelving location
 2016-01-07 1Central Library, BUETCentral Library, BUET2016-01-072016-01-07General Book22468 660_280000000000000_ROS_1962 660.28/ROS/1962 Reference section
 2016-01-07 2Central Library, BUETCentral Library, BUET2016-01-072016-01-07General Book22469 660_280000000000000_ROS_1962 660.28/ROS/1962 Reference section
 2016-01-07 3Central Library, BUETCentral Library, BUET2016-01-072016-01-07General Book22474 660_280000000000000_ROS_1962 660.28/ROS/1962 Reference section
 2016-01-07 4Central Library, BUETCentral Library, BUET2016-01-072016-01-07General Book22473 660_280000000000000_ROS_1962 660.28/ROS/1962 Reference section
 2016-01-07 5Central Library, BUETCentral Library, BUET2016-01-072016-01-07General Book22470 660_280000000000000_ROS_1962 660.28/ROS/1962 Reference section
 2016-01-07 6Central Library, BUETCentral Library, BUET2016-01-072016-01-07General Book22471 660_280000000000000_ROS_1962 660.28/ROS/1962 Reference section
 2016-01-07 7Central Library, BUETCentral Library, BUET2016-01-072016-01-07General Book22475 660_280000000000000_ROS_1962 660.28/ROS/1962 Reference section
 2016-01-07 8Central Library, BUETCentral Library, BUET2016-01-072016-01-07General Book12046 660_280000000000000_ROS_1962 660.28/ROS/1962 Reference section